[Event "Biel ATO op 54th"]
[Site "Biel"]
[Date "2021.07.31"]
[Round "4"]
[White "Arulanantham, Aneet"]
[Black "Lada, Ireneusz"]
[Result "1-0"]
[WhiteElo "1745"]
[BlackElo "1912"]
[PlyCount "71"]
[EventDate "2021.07.26"]
[EventType "swiss"]
[EventRounds "9"]
[EventCountry "SUI"]
[SourceTitle "EXT 2022"]
[Source "ChessBase"]
[SourceDate "2021.10.06"]
[SourceVersion "1"]
[SourceVersionDate "2021.10.06"]
[SourceQuality "1"]

1. d4 d6 2. e4 Nf6 3. Nc3 g6 4. Be3 Bg7 5. Qd2 e6 6. f3 0-0 7. h4 Nh5 8. Nge2 f5 9. Bg5 Qd7 10. g4 fxg4 11. fxg4 Nf6 12. Bh3 b5 13. Ng3 Qe8 14. 0-0-0 b4 15. Nce2 a5 16. Bh6 Bb7 17. Bxg7 Kxg7 18. Qe3 e5 19. g5 Nfd7 20. d5 Nc5 21. h5 Nbd7 22. hxg6 hxg6 23. Nf5+ gxf5 24. exf5 Rh8 25. f6+ Kg8 26. Be6+ Nxe6 27. Rxh8+ Kxh8 28. Qh3+ Kg8 29. dxe6 Qg6 30. exd7 Kf7 31. Qg4 Be4 32. Ng3 Bc6 33. Qc4+ Kf8 34. Qxc6 Qxg5+ 35. Kb1 Rd8 36. Qxc7 1-0